Odd But True Baseball Facts Quiz Stats

 Plays Quiz Updated Aug 30, 2016

Support Sporcle.
Go Orange.
Score 0/20 Timer 06:00
0 Plays Today
% Correct
pee on their own hands.
95.4%
a mascot.
94.6%
hit another home run.
91.1%
no home runs were hit that day.
90.6%
a right hand.
90.1%
Blue Jays' first game.
88.9%
he played for the losing team.
88.6%
the same game.
88.6%
on the same day.
88.4%
a dove.
86.7%
% Correct
during a game.
86.4%
for three different teams.
86.3%
facing backwards to celebrate.
84.8%
a chocolate milk.
83.7%
his own false teeth.
82.7%
taking off his cowboy boots.
79.4%
being carried off on a stretcher.
78.4%
a 17-year-old girl.
78.3%
Colonel Sanders.
56%
for himself.
54.6%

You're not logged in!

Compare scores with friends on all Sporcle quizzes.
OR
Log In

From the Vault

Sink or Float? (Fruit)

by WackyZacky

This study was conducted by a very prestigious lab.
Remove Ads.
Support Sporcle.
Get the best of Sporcle when you Go Orange. This ad-free experience offers more features, more stats, and more fun while also helping to support Sporcle. Thank you for becoming a member.

Show Comments

Extras

Top Quizzes Today


Score Distribution

Your Account Isn't Verified!

In order to create a playlist on Sporcle, you need to verify the email address you used during registration. Go to your Sporcle Settings to finish the process.

Report this User

Report this user for behavior that violates our Community Guidelines.

Details: